| 000 | 005620000a22001810004500 | ||
|---|---|---|---|
| 090 |
_aAR _b02637 |
||
| 245 | 1 | 0 | _aNew species and distribution records of Mesoamerican Ateuchus (<Coleoptera:Scarabaeidae>) |
| 650 | 1 | 4 |
_aEntomología _94483 |
| 650 | 1 | 4 |
_aTaxonomía animal _98245 |
| 650 | 1 | 4 |
_aNuevas especies _992905 |
| 650 | 1 | 4 |
_aMesoamérica _996137 |
| 651 | 4 |
_pAmérica Central _992749 |
|
| 653 | _gAteuchus | ||
| 041 | 0 | _aInglés | |
| 100 | 1 |
_aKohlmann, Bert _996138 |
|
| 942 | _cARTICULO | ||
| 773 | 1 |
_tRevista de Biología Tropical _3129 _h1 _q235-246 _d2000 _g48 |
|
| 999 |
_c11699 _d11699 |
||